000 00744cam a22002533a 4500
001 336
003 PGUSA
005 20140828082946.0
008 080705s2008||||xxu|||||s|||||000 | eng d
040 _aPGUSA
_beng
042 _adc
050 4 _aE011
100 1 _aEastman, Charles Alexander,
_d1858-1939
245 1 0 _aIndian Heroes and Great Chieftains
_h[electronic resource] /
_cCharles Alexander Eastman
260 _bProject Gutenberg,
_c2008
506 _aPublic domain in the USA.
516 _aElectronic text
653 _aHeroes
653 _aDakota Indians -- Biography
653 _aIndians of North America -- Biography
830 0 _aProject Gutenberg
_v336
856 4 0 _uhttp://www.gutenberg.org/ebooks/336
942 _cEB
999 _c229687
_d229687